Nursing: International journal of Medical-Surgical Nursing (NIJMSN) (Record no. 1671)
[ view plain ]
| 000 -LEADER | |
|---|---|
| Fixed length control field | 00475nas a2200169za 4500 |
| 003 - CONTROL NUMBER IDENTIFIER | |
| Control field | IIN |
| 005 - DATE AND TIME OF LATEST TRANSACTION | |
| Control field | 20250204111253.0 |
| 008 - FIXED-LENGTH DATA ELEMENTS--GENERAL INFORMATION | |
| Fixed length control field | 250204c |||gr||| |||| 00| 0 eng d |
| 040 ## - CATALOGING SOURCE | |
| Original cataloging agency | IIN |
| 245 ## - TITLE STATEMENT | |
| Title | Nursing: International journal of Medical-Surgical Nursing (NIJMSN) |
| 260 ## - IMPRINT | |
| Place of publication | Maharashtra |
| Name of publisher | Innovational Publishers |
| Date of publication | 2014 |
| 300 ## - PHYSICAL DESCRIPTION | |
| Page / Vol. No | vol. 1 no. 1 |
| 310 ## - CURRENT PUBLICATION FREQUENCY | |
| Current publication frequency | Quarterly |
| 650 ## - SUBJECT ADDED ENTRY--TOPICAL TERM | |
| Topical term | Medical-Surgical Nursing |
| 650 ## - SUBJECT ADDED ENTRY--TOPICAL TERM | |
| Topical term | Nursing - Medical - Surgical |
| 942 ## - ADDED ENTRY ELEMENTS (KOHA) | |
| Koha item type | Serials |
No items available.
